Harry Potter and the Chamber of secrets

-д хадгалсан:
Номзүйн дэлгэрэнгүй
Үндсэн зохиолч: Rowling, J. K (Зохиогч)
Формат: Үл мэдэгдэх
Хэвлэсэн: London, United Kingdom: Bloomsbury Publishing PLc, 2014.
Цуврал:The Harry Potter Series,
Нөхцлүүд:
Шошгууд: Шошго нэмэх
Шошго байхгүй, Энэхүү баримтыг шошголох эхний хүн болох!

MARC

LEADER 00000 a2200000 4500
003 CL-VaPUC
005 20230111170254.0
008 230109t2014 ||||| |||| 00| 0 eng d
999 |c 439197  |d 439195 
020 |a 978-1408855669 
040 |c Pontificia Universidad Católica de Valparaíso 
082 7 |a 823 ROWc 2014  |2 22 
100 |a Rowling, J. K  |9 554655  |e author 
245 |a Harry Potter and the Chamber of secrets 
260 |a London, United Kingdom:   |b Bloomsbury Publishing PLc,  |c 2014. 
300 |a 359 páginas.  
490 |a The Harry Potter Series,  |n  2. 
583 |k GC  |c 20230109 
650 |a Novelas inglesas   |9 265220 
650 |a Novelas juveniles inglesas   |9 462416 
650 |a Literatura inglesa   |9 312907 
942 |2 ddc  |c BK 
952 |0 0  |1 0  |2 ddc  |4 0  |6 823_000000000000000_ROWC_2014  |7 0  |8 A  |9 588587  |a BIBEDU  |b BIBEDU  |d 2023-01-06  |e 74  |g 13505.00  |i 5656364  |l 5  |m 4  |o 823 ROWc 2014  |p 5656364  |r 2025-03-25  |s 2025-03-19  |t 2  |v 13505.00  |w 2023-01-06  |y BK  |k LIT 
952 |0 0  |1 0  |2 ddc  |4 0  |6 823_000000000000000_ROWC_2014  |7 0  |8 A  |9 588588  |a BIBEDU  |b BIBEDU  |d 2023-01-06  |e 74  |g 13505.00  |i 5656363  |l 7  |m 4  |o 823 ROWc 2014  |p 5656363  |q 2025-05-13  |r 2025-04-30  |s 2025-04-30  |t 1  |v 13505.00  |w 2023-01-06  |y BK  |k LIT